The Gamesman: (Record no. 22128)

MARC details
000 -LEADER
fixed length control field 00618nam a22002297a 4500
003 - CONTROL NUMBER IDENTIFIER
control field IBSLLIB
005 - DATE AND TIME OF LATEST TRANSACTION
control field 20260513091337.0
008 - FIXED-LENGTH DATA ELEMENTS--GENERAL INFORMATION
fixed length control field 260513b |||||||| |||| 00| 0 eng d
020 ## - INTERNATIONAL STANDARD BOOK NUMBER
International Standard Book Number 0671223534
040 ## - CATALOGING SOURCE
Original cataloging agency IBSLLIB
Language of cataloging English
041 ## - LANGUAGE CODE
Language code of original English
082 ## - DEWEY DECIMAL CLASSIFICATION NUMBER
Classification number 658.4
Item number MAC
100 ## - MAIN ENTRY--PERSONAL NAME
Personal name Maccoby , Michael
245 ## - TITLE STATEMENT
Title The Gamesman:
Remainder of title The New Corporate Leaders
260 ## - PUBLICATION, DISTRIBUTION, ETC. (IMPRINT)
Place of publication, distribution, etc. New York :
Name of publisher, distributor, etc. Simon And Schuster ,
Date of publication, distribution, etc. 1933
300 ## - PHYSICAL DESCRIPTION
Extent 287 P ;
Dimensions 22 cm
650 ## - SUBJECT ADDED ENTRY--TOPICAL TERM
Topical term or geographic name as entry element The Gamesman
653 ## - INDEX TERM--UNCONTROLLED
Uncontrolled term Executives - United States
653 ## - INDEX TERM--UNCONTROLLED
Uncontrolled term Executives United States - Interviews
653 ## - INDEX TERM--UNCONTROLLED
Uncontrolled term Leadership
942 ## - ADDED ENTRY ELEMENTS (KOHA)
Koha item type Lending Book
Holdings
Withdrawn status Lost status Damaged status Not for loan Collection code Permanent Location Current Location Shelving location Date acquired Source of acquisition Inventory number Full call number Barcode Koha item type
        Lending Collection IBSL Library IBSL Library Lending Section 30/04/2026 Donations 10871 658.4 MAC 10871 Lending Book
Copyright © 2024 IBSL Library, All rights reserved.
mail to: library@ibsl.lk | Contact: 0112425735 | Library Address: IBSL Library, 80A, Elvitigala Mawatha, Colombo 008